top 150 American baby boy names 1881 - Statistics

General Stats
  • This quiz has been taken 63 times
  • The average score is 65 of 150
Answer Stats
place movement streak Answer % Correct
1 0 1 John
98%
26 +1 1 Will
94%
3 0 1 James
92%
4 +1 1 George
90%
9 -1 1 Thomas
90%
55 +5 1 Paul
88%
18 0 1 David
86%
8 +1 1 Henry
86%
22 +! 1 Richard
86%
2 0 1 William
86%
56 +2 1 Ben
84%
61 -6 1 Ed
84%
11 -1 1 Robert
84%
5 -1 1 Charles
82%
6 0 1 Frank
82%
12 0 1 Harry
82%
37 -6 1 Peter
82%
86 +8 1 Dan
80%
24 0 1 Andrew
78%
7 0 1 Joseph
78%
54 -8 1 Michael
76%
75 -8 1 Patrick
76%
32 +4 1 Sam
76%
10 +1 1 Edward
75%
108 +15 1 Adam
73%
129 new 0 Mark
73%
46 -1 1 Martin
73%
113 +23 1 Victor
73%
109 -17 1 Alex
71%
31 +1 1 Benjamin
71%
29 -4 1 Daniel
71%
15 0 1 Fred
71%
73 +4 1 Jack
71%
17 0 1 Samuel
71%
89 -5 1 Stephen
71%
43 -3 1 Tom
71%
146 new 0 Abraham
69%
39 0 1 Jacob
67%
83 -2 1 Philip
67%
149 new 0 Phillip
67%
100 +3 1 Anthony
65%
63 -13 1 Francis
65%
67 +2 1 Oliver
65%
13 0 1 Walter
65%
14 0 1 Arthur
63%
103 -10 1 Leo
63%
104 +10 1 Leon
63%
72 +6 1 Leonard
63%
16 0 1 Albert
61%
71 +2 1 Alexander
61%
36 -3 1 Frederick
61%
23 -3 1 Joe
59%
136 -21 1 Nathan
59%
87 +8 1 Ray
57%
79 -9 1 Theodore
57%
106 +10 1 Harold
55%
64 -2 1 Isaac
55%
127 +4 1 Aaron
53%
62 -3 1 Charley
53%
20 +1 1 Charlie
53%
19 0 1 Louis
53%
80 +2 1 Allen
51%
41 +1 1 Carl
51%
121 new 0 Eli
51%
47 +2 1 Jim
51%
33 +2 1 Alfred
49%
40 -2 1 Herbert
49%
28 +1 1 Oscar
49%
74 +7 1 Raymond
49%
60 -3 1 Edwin
47%
66 -1 1 Lawrence
45%
107 +5 1 Franklin
43%
35 -5 1 Lewis
43%
51 +10 1 Edgar
39%
125 +8 1 Norman
39%
120 -14 1 Dennis
37%
70 +1 1 Hugh
35%
147 -19 1 Jess
35%
59 +24 1 Chester
33%
134 +7 1 Jake
33%
44 -1 1 Lee
33%
116 +2 1 Levi
33%
94 +6 1 Calvin
31%
122 -23 1 Jerry
31%
45 +9 1 Ralph
31%
115 -18 1 Alvin
29%
81 -7 1 August
29%
95 +7 1 Dave
29%
114 -10 1 Eddie
29%
78 -3 1 Floyd
29%
27 +1 1 Jesse
29%
91 -1 1 Jessie
29%
143 -22 1 Lester
29%
131 -20 1 Moses
29%
42 +2 1 Howard
27%
144 -20 1 Lloyd
27%
92 -1 1 Milton
27%
84 +5 1 Warren
27%
112 -5 1 Clifford
25%
68 +4 1 Clyde
25%
132 new 0 Earnest
25%
25 +1 1 Ernest
25%
133 +1 1 Gilbert
25%
97 -3 1 Julius
25%
34 +3 1 Roy
25%
101 -18 1 Archie
24%
58 -7 1 Harvey
24%
135 new 0 Leslie
22%
145 new 0 Morris
22%
126 +18 1 Percy
22%
141 +9 1 Wallace
22%
119 -10 1 Wesley
22%
96 +1 1 Bernard
20%
50 -3 1 Bert
20%
49 +4 1 Eugene
20%
52 -4 1 Herman
20%
57 +9 1 Ira
20%
99 -3 1 Sidney
20%
30 +4 1 Willie
20%
21 0 1 Clarence
18%
77 -1 1 Homer
18%
123 +4 1 Jay
18%
69 -6 1 Otto
18%
48 +4 1 Earl
16%
140 new 0 Irvin
16%
98 +10 1 Leroy
16%
65 +1 1 Luther
16%
138 new 0 Nelson
16%
38 +3 1 Elmer
14%
102 -1 1 Perry
14%
137 +12 1 Adolph
12%
53 +3 1 Claude
12%
85 +6 1 Horace
12%
150 -11 1 Jasper
12%
105 -17 1 Rufus
12%
117 -12 1 Amos
10%
128 +9 1 Gus
10%
139 new 0 Otis
10%
76 -8 1 Guy
8%
93 -7 1 Willis
8%
142 new 0 Clinton
6%
124 new 0 Hiram
6%
82 -2 1 Marion
6%
110 0 1 Alonzo
4%
90 +23 1 Emil
4%
111 +11 1 Everett
4%
88 +23 1 Garfield
4%
118 new 0 Roscoe
2%
148 new 0 Elbert
0%
130 new 0 Willard
0%
No matching quizzes found
Score Distribution
Percent of People with Each Score
Percentile by Number Answered
Your Score History
You have not taken this quiz